000 00453nam a2200181Ia 4500
008 131103s9999 xx 000 0 und d
040 _aLoreto College
041 _aEnglish
082 _aCHBK
_b#NAME?
100 _aSpyri, Johanna
245 _aHeidi
_cJohanna Spyri
260 _aDelhi
_bVikas
_c1996
300 _a74p.
_b ill.
_c 22cm.
440 _aMadhuban Abridged Classics
650 _aCHBK - 1
850 _aLCBED/CHBK - 1/SPY
942 _cBK
999 _c31088
_d81567